000 00856nam a2200289Ia 4500
001 Para_4610
003 CHAP
008 220125s1937 xx 000 0 und d
010 _a203091
040 _cCHAP
090 _aPA FOLLETO 1951
100 _aMarcovitch, S
_971308
245 _aCryolite spray residues and homan health /
_c S. Marcovitch, G. A. Shuey, W. W. Stanley
260 _aKnoxville, Tennessee :
_b Agricultural Experiment Station
300 _a46 p.
440 _aTennessee. Agr. Exp. Sta. Bull; 162
_9168690
650 _aInsecticidas
_x Toxicidad
_958882
700 _aShuey, G. A.
_9105771
700 _aStanley, W. W.
_9109463
901 _aPA FOLLETO 1951
902 _aA
905 _a0000001937 KNO 0000000000 00
910 _a1937
942 _cPARA
942 _cPARA
_d1
999 _c203091
_d203091